<?xml version="1.0" encoding="UTF-8"?>
<record
    xmlns:xsi="http://www.w3.org/2001/XMLSchema-instance"
    xsi:schemaLocation="http://www.loc.gov/MARC21/slim http://www.loc.gov/standards/marcxml/schema/MARC21slim.xsd"
    xmlns="http://www.loc.gov/MARC21/slim">

  <leader>03340cam a22002413a 4500</leader>
  <controlfield tag="001">23228</controlfield>
  <controlfield tag="003">PGUSA</controlfield>
  <controlfield tag="005">20140828083508.0</controlfield>
  <controlfield tag="008">071028s2007||||xxu|||||s|||||000 p eng d</controlfield>
  <datafield tag="040" ind1=" " ind2=" ">
    <subfield code="a">PGUSA</subfield>
    <subfield code="b">eng</subfield>
  </datafield>
  <datafield tag="042" ind1=" " ind2=" ">
    <subfield code="a">dc</subfield>
  </datafield>
  <datafield tag="050" ind1=" " ind2="4">
    <subfield code="a">PJ</subfield>
  </datafield>
  <datafield tag="100" ind1="1" ind2=" ">
    <subfield code="a">Bethge, Hans,</subfield>
    <subfield code="d">1876-1946</subfield>
  </datafield>
  <datafield tag="245" ind1="1" ind2="0">
    <subfield code="a">Arabische N&#xE4;chte</subfield>
    <subfield code="h">[electronic resource] /</subfield>
    <subfield code="c">Hans Bethge</subfield>
  </datafield>
  <datafield tag="260" ind1=" " ind2=" ">
    <subfield code="b">Project Gutenberg,</subfield>
    <subfield code="c">2007</subfield>
  </datafield>
  <datafield tag="505" ind1="0" ind2=" ">
    <subfield code="a">HATIM IBN ABDALLAH -- Gastfreundlich und stolz -- AMR IL KA&#xCF;S (etwa 500-540 n. Chr. Geb.) -- Der Verf&#xFC;hrer -- Hymne -- IL SAMAUAL IBN ADYA (6. Jahrhundert) -- Stammesstolz -- AMR IBN KULTHUM (6. Jahrhundert) -- Lob des Weines -- Frage -- Wenn sie allein ist -- UNBEKANNTER DICHTER -- Treue Liebe -- UNBEKANNTER DICHTER -- Immer zugegen -- KALIF YAZID IBN MOAUJA (gestorben 683) -- Die roten Fingern&#xE4;gel -- Der Beneidete -- Der Schatten als Kundschafter -- Wahnsinn oder Liebe? -- T&#xF6;tende Liebe -- Die Vernichterin -- UNBEKANNTER DICHTER -- Die Vorw&#xFC;rfe -- KA&#xCF;S IBN IL MULLAUACH (7. Jahrhundert) -- Le&#xEF;la -- KUTHAIJIR (gestorben 723) -- Verlassen -- ABBAS IBN IL ACHNAF (8. Jahrhundert) -- Die Unerbittliche -- HARUN AL RASCHID (763-803) -- Die Macht der Liebe -- ABU NUWAS (762-810) -- Ihr Gang ist wogend -- Die Spr&#xF6;de -- Liebe im Traum -- Im Rausch -- MOSLIM IBN IL WALID IL ANSSARI (8. Jahrh.) -- Liebestrunken -- Leidenschaft -- Tr&#xFC;be Gedanken -- UNBEKANNTER DICHTER -- Tr&#xE4;nen -- MUDRIK IL SCHA&#xCF;BANY -- Die Geizige -- IBN IL RUMI (gestorben 896) -- Umarmung -- IBN IL MOATTAS (9. Jahrhundert) -- Die Siegerin -- SCHULE DES IBN IL MOATTAS -- Nacht und Morgenr&#xF6;te -- KUSCHAGIN (10. Jahrhundert) -- Verpf&#xE4;ndet -- URAK IL HUTA&#xCF;L -- Frage und Antwort -- UNBEKANNTER DICHTER -- Verzehrende Liebe -- ABU FIRAS (gestorben 968) -- W&#xFC;nsche -- UNBEKANNTER DICHTER -- Aufforderung -- Kummer -- Im Zweifel -- Frage und Antwort -- Auf eine Rose -- IBN IL KHAYAT IL DEMISCHKI (10. Jahrh.) -- Auf der Schwelle -- IBN KALAKIS (12. Jahrhundert) -- Geheime Liebe -- UNBEKANNTER DICHTER -- Wogen -- ABU ABD IL RAHMAN ELA&#xCF;TAM ELKUFI -- An ein Schwert -- AUS TAUSEND UND EINE NACHT -- Nahmas Portr&#xE4;t -- Auf Nahmas Sch&#xF6;nheit -- Bei Nahmas Abreise -- Auf ein Grab -- An eine S&#xE4;ngerin -- Der Strom der Liebe -- Fragen eines Liebenden -- An einen ber&#xFC;hmten Gast -- IL HAGYRI (13. Jahrhundert) -- Liebeshymne -- UNBEKANNTER DICHTER -- Wasser und Feuer -- IBN IL FARID (1181-1234) -- Selige Nacht -- SCHULE DES IBN IL FARID -- Tr&#xE4;nen -- Seltsamer Wunsch -- NUBATA (14. Jahrhundert) -- Ein Wunder -- UNBEKANNTER DICHTER -- Auf einen Apfel -- Weisheit -- Der Liebesbrief -- Der Liebende und die Fackel -- ACHMED BEN MOHAMMED MOKRI -- Sehnsucht nach Damaskus -- Auf einen Garten -- IBN HOGGIAT (gestorben 1433) -- Der verliebte Dichter -- SOYUTI (um 1490) -- Fr&#xFC;hling -- Erinnerung -- An den Zephir -- Der Bach und der Baum -- SABBAGH -- Auf ein Pferd -- IBN IL SCHAAB (18. Jahrhundert) -- Feuer und Rauch -- MAHMUD PASCHA SAMY IL BARUDY (19. Jrh.) -- An die Abwesende -- ISMA&#xCF;L PASCHA SABRY -- Liebesgebet -- ACHMED BEY SCHAWKY -- Wenn du erscheinst -- UNBEKANNTER DICHTER -- Liebeslied</subfield>
  </datafield>
  <datafield tag="506" ind1=" " ind2=" ">
    <subfield code="a">Public domain in the USA.</subfield>
  </datafield>
  <datafield tag="516" ind1=" " ind2=" ">
    <subfield code="a">Electronic text</subfield>
  </datafield>
  <datafield tag="653" ind1=" " ind2=" ">
    <subfield code="a">Arabic poetry -- Translations into German</subfield>
  </datafield>
  <datafield tag="830" ind1=" " ind2="0">
    <subfield code="a">Project Gutenberg</subfield>
    <subfield code="v">23228</subfield>
  </datafield>
  <datafield tag="856" ind1="4" ind2="0">
    <subfield code="u">http://www.gutenberg.org/ebooks/23228</subfield>
  </datafield>
  <datafield tag="942" ind1=" " ind2=" ">
    <subfield code="c">EB</subfield>
  </datafield>
  <datafield tag="999" ind1=" " ind2=" ">
    <subfield code="c">252483</subfield>
    <subfield code="d">252483</subfield>
  </datafield>
  <datafield tag="952" ind1=" " ind2=" ">
    <subfield code="0">0</subfield>
    <subfield code="1">0</subfield>
    <subfield code="4">0</subfield>
    <subfield code="a">GTB</subfield>
    <subfield code="b">GTB</subfield>
    <subfield code="d">2014-08-28</subfield>
    <subfield code="l">0</subfield>
    <subfield code="r">2014-08-28 00:00:00</subfield>
    <subfield code="w">2014-08-28</subfield>
    <subfield code="y">EB</subfield>
  </datafield>
</record>
